Statistics for 6-Letter History Chain #1

Click here to take the quiz!

General Stats

  • This quiz has been taken 26,051 times
  • The average score is 15 of 24

Answer Stats

Hint Answer % Correct
Infamous f├╝hrerHitler
96%
He is called MahatmaGandhi
91%
Country invaded by SaddamKuwait
82%
The U.S. bought this from RussiaAlaska
80%
Hun who terrorized Eastern EuropeAttila
80%
Disease of sailorsScurvy
77%
Term for a person from U.S., specifically
the northeastern parts
Yankee
76%
Notable feature of a WWI battlefieldTrench
73%
Ancient Wonder: Colossus of ______Rhodes
72%
Victorious admiral at TrafalgarNelson
70%
Flammable gel used in the Vietnam WarNapalm
69%
Italian city founded as a Greek colonyNaples
68%
Victoria's husbandAlbert
61%
Title of the Ottoman rulerSultan
60%
Country that the Balfour Declaration
helped to create
Israel
57%
Island paradise; HMS Bounty sailors
never wanted to leave
Tahiti
50%
Northeast Native American tribe or an
edgy punk rock hairstyle
Mohawk
50%
Banned Nabokov bookLolita
43%
Philippines first lady MarcosImelda
41%
The Dutch had a monopoly on this spiceNutmeg
40%
What the Inquisition tried to root outHeresy
36%
A road that led to Rome: ______ WayAppian
36%
A castrato, for exampleEunuch
34%
Rank below squireYeoman
23%

Score Distribution

Percentile by Number Answered

Percent of People with Each Score

Your Score History

You have not taken this quiz